[Event "Xtracon Chess Open 2019"]
[Site "Helsingor DEN"]
[Date "2019.07.20"]
[Round "1.134"]
[White "Iskos, Lukas"]
[Black "Machlik, Edit"]
[Result "0-1"]
[WhiteElo "1622"]
[BlackElo "2075"]
[WhiteFideId "1461613"]
[BlackFideId "1513591"]
[EventDate "2019.07.20"]

1. e4 c6 2. d4 d5 3. e5 Bf5 4. Nf3 e6 5. Bd3 Bxd3 6. Qxd3 Ne7 7. Bg5 Qb6 8. Qb3
Nd7 9. Nbd2 Nf5 10. Qxb6 Nxb6 11. h3 h6 12. Bf4 c5 13. c3 cxd4 14. Nxd4 Nxd4 15.
cxd4 Rc8 16. O-O Kd7 17. Rac1 Be7 18. Nb3 Nc4 19. Rc2 Rc7 20. Rfc1 Rhc8 21. Nc5+
Bxc5 22. dxc5 g5 23. Bg3 a5 24. a4 Nb6 25. b3 Ke8 26. f4 Nd7 27. Bf2 gxf4 28.
Bd4 Nb8 29. Kf2 Nc6 30. Bc3 d4 31. Bd2 Nxe5 32. Bxf4 Rxc5 33. Rxc5 Rxc5 34. Rxc5
Nd3+ 35. Kf3 Nxc5 36. Bd2 e5 37. b4 Nxa4 38. Ke4 f6 39. b5 Nc3+ 0-1

[Event "Xtracon Chess Open 2019"]
[Site "Helsingor DEN"]
[Date "2019.07.20"]
[Round "1.135"]
[White "Bruaset, Eivind"]
[Black "Jorgensen, Orla Eilegaard"]
[Result "1-0"]
[WhiteElo "2074"]
[BlackElo "1614"]
[WhiteFideId "1515276"]
[BlackFideId "1413368"]
[EventDate "2019.07.20"]

1. e4 d5 2. exd5 Qxd5 3. Nf3 e5 4. Nc3 Qa5 5. Bc4 h6 6. Qe2 Bd6 7. d4 Bg4 8. Bd2
c6 9. Nb5 Qd8 10. Nxd6+ Qxd6 11. Bxf7+ Kd8 12. Qxe5 Qxe5+ 13. Nxe5 Nf6 14. Nxg4
Nxg4 15. O-O Rf8 16. Bc4 Nd7 17. Rae1 Kc7 18. Re7 g5 19. Be6 Nf6 20. Re1 Rae8
21. Rxe8 Rxe8 22. Bxd7 Rxe1+ 23. Bxe1 Kxd7 24. Kf1 Ke6 25. Ke2 Kd5 26. Kd3 b5
27. b3 h5 28. f3 a6 29. Bg3 Ke6 30. c4 Kf5 31. Be5 Nd7 32. Bc7 Nf6 33. Bd8 Nd7
34. a4 Nf8 35. Bc7 Ne6 36. Bd6 Nd8 37. Bc7 Ne6 38. Bd6 Nd8 39. axb5 axb5 40.
cxb5 cxb5 41. d5 Nb7 42. Bc7 Nc5+ 43. Kc3 Na6 44. Bd6 Kf6 45. Kd4 Kf5 46. g3 g4
47. f4 Kf6 48. Ke4 b4 49. f5 Kf7 50. Ke5 Ke8 51. Ke6 1-0

[Event "Xtracon Chess Open 2019"]
[Site "Helsingor DEN"]
[Date "2019.07.20"]
[Round "1.136"]
[White "Willard, Hakan"]
[Black "Schweitzer, Werner"]
[Result "0-1"]
[WhiteElo "1614"]
[BlackElo "2072"]
[WhiteFideId "1733621"]
[BlackFideId "1622927"]
[EventDate "2019.07.20"]

1. e4 c6 2. d4 d5 3. exd5 cxd5 4. Bd3 Nc6 5. c3 Qc7 6. Ne2 Bg4 7. f3 Bh5 8. Bf4
Qd7 9. Nd2 e6 10. O-O Nf6 11. Re1 Bg6 12. Nf1 Bd6 13. Nfg3 Bxd3 14. Qxd3 h6 15.
Qd2 Ne7 16. Bxd6 Qxd6 17. Nf4 O-O 18. Ngh5 Nxh5 19. Nxh5 Ng6 20. Qf2 b5 21. Qg3
Qxg3 22. hxg3 Rfc8 23. a3 a5 24. Kf2 Rab8 25. Nf4 Nxf4 26. gxf4 Rc6 27. f5 Rbb6
28. fxe6 Rxe6 29. Re2 f6 30. Rae1 Kf7 31. Rh1 Rbc6 32. Rxe6 Kxe6 33. Re1+ Kf7
34. Re3 Re6 35. b3 Rc6 36. Ke2 a4 37. b4 Re6 38. Kf2 Rxe3 39. Kxe3 h5 40. f4 Ke6
41. Kf3 Kf5 42. g3 g5 43. Ke3 h4 44. Kf3 g4+ 0-1

[Event "Xtracon Chess Open 2019"]
[Site "Helsingor DEN"]
[Date "2019.07.20"]
[Round "1.137"]
[White "Pekin, Tolgay"]
[Black "Fjallheim, Benjamin Reinert"]
[Result "1-0"]
[WhiteElo "2070"]
[BlackElo "1612"]
[WhiteFideId "6305440"]
[BlackFideId "7202008"]
[EventDate "2019.07.20"]

1. e4 g6 2. Nc3 Bg7 3. g3 d6 4. Bg2 Nc6 5. d3 f5 6. Be3 Nf6 7. h3 fxe4 8. dxe4
O-O 9. Qd2 Na5 10. b3 Rf7 11. e5 Ne8 12. Nf3 Bf5 13. g4 dxe5 14. gxf5 e4 15.
fxg6 Rxf3 16. gxh7+ Kxh7 17. Bxf3 exf3 18. O-O-O Nd6 19. Rhg1 e5 20. Qd3+ Kh8
21. Rxg7 Kxg7 22. Rg1+ Kf8 23. Qh7 Nf7 24. Rg8+ Ke7 25. Rxd8 Rxd8 26. Bg5+ 1-0

[Event "Xtracon Chess Open 2019"]
[Site "Helsingor DEN"]
[Date "2019.07.20"]
[Round "1.138"]
[White "Fjallheim, Elmar Reinert"]
[Black "Thaler, Toni"]
[Result "1/2-1/2"]
[WhiteElo "1609"]
[BlackElo "2070"]
[WhiteFideId "7201095"]
[BlackFideId "1303864"]
[EventDate "2019.07.20"]

1. e4 c5 2. c3 d5 3. exd5 Qxd5 4. Nf3 Nc6 5. d3 Nf6 6. Be3 e5 7. Nbd2 Bf5 8. Nb3
b6 9. d4 cxd4 10. cxd4 Bb4+ 11. Bd2 e4 12. Nh4 Be6 13. Rc1 O-O 14. Bc4 Qd6 15.
g3 Nd5 16. a3 Bxd2+ 17. Qxd2 f5 18. Ng2 Rf6 19. Ne3 Nce7 20. Ng2 Ng6 21. h4 h5
22. Qg5 f4 23. gxf4 Ngxf4 24. Nxf4 Nxf4 25. Rg1 Rg6 26. Qxg6 Nxg6 27. Rxg6 Re8
28. d5 b5 29. Bxb5 Rb8 30. Rxe6 Qf4 31. Bc4 Rxb3 32. Rd1 Rxb2 33. Be2 Rb8 34. d6
Rf8 35. d7 Qxf2+ 36. Kd2 Qd4+ 37. Kc2 Qc5+ 38. Kd2 Qd4+ 39. Kc2 Qc5+ 40. Kd2
Qd4+ 1/2-1/2

[Event "Xtracon Chess Open 2019"]
[Site "Helsingor DEN"]
[Date "2019.07.20"]
[Round "1.139"]
[White "Jepsen, Thomas Tange"]
[Black "Narheim, Mats"]
[Result "1-0"]
[WhiteElo "2069"]
[BlackElo "1608"]
[WhiteFideId "1405357"]
[BlackFideId "1518607"]
[EventDate "2019.07.20"]

1. d4 Nf6 2. c4 d6 3. Nc3 g6 4. e4 Bg7 5. f3 Nbd7 6. Be3 c6 7. Bd3 O-O 8. Nge2
c5 9. O-O b6 10. Qd2 Bb7 11. Rad1 Re8 12. h3 Bc6 13. d5 Bb7 14. f4 Rf8 15. Bc2
h5 16. e5 dxe5 17. f5 e4 18. fxg6 fxg6 19. Nf4 Ne5 20. b3 Bc8 21. Nxe4 Nxe4 22.
Bxe4 Bf5 23. Bxf5 Rxf5 24. Ne6 Qd7 25. Rxf5 gxf5 26. Nxg7 Kxg7 27. Qc3 Rg8 28.
Qxe5+ Kh7 29. Rf1 f4 30. Qxh5+ Kg7 31. Bxf4 1-0

[Event "Xtracon Chess Open 2019"]
[Site "Helsingor DEN"]
[Date "2019.07.20"]
[Round "1.140"]
[White "Svane, Freja"]
[Black "Gregor, Bjarke"]
[Result "0-1"]
[WhiteElo "1600"]
[BlackElo "2064"]
[WhiteFideId "12940100"]
[BlackFideId "1423401"]
[EventDate "2019.07.20"]

1. d4 Nf6 2. c4 e6 3. Nc3 Bb4 4. Nf3 b6 5. e3 O-O 6. Qc2 Bb7 7. Be2 Be4 8. Qd1
Bxc3+ 9. bxc3 d5 10. cxd5 Nxd5 11. Bb2 c5 12. O-O Nc6 13. Bd3 Nf6 14. Ng5 Bxd3
15. Qxd3 h6 16. Ne4 Nxe4 17. Qxe4 Ne7 18. Ba3 Qc7 19. Rfc1 Rfd8 20. Rab1 Nd5 21.
Qc2 c4 22. Bb4 Qc6 23. a4 a6 24. h3 Rac8 25. Rb2 Re8 26. a5 b5 27. Bc5 e5 28.
Qb1 e4 29. Qa2 f5 30. Re2 f4 31. exf4 Nxf4 32. Re3 Nd3 33. Rd1 Kh8 34. Bb6 Rf8
35. Rd2 Rce8 36. Qc2 Rf5 37. Qb1 Ref8 38. Rde2 Qg6 39. Qc2 Rg5 0-1

[Event "Xtracon Chess Open 2019"]
[Site "Helsingor DEN"]
[Date "2019.07.20"]
[Round "1.141"]
[White "Christiansen, Jens Jorgen"]
[Black "Zheng, Harry Z"]
[Result "1-0"]
[WhiteElo "2053"]
[BlackElo "1597"]
[WhiteFideId "1401670"]
[BlackFideId "460982"]
[EventDate "2019.07.20"]

1. d4 Nf6 2. c4 e6 3. Nf3 b6 4. a3 Bb7 5. Nc3 d5 6. cxd5 Nxd5 7. Bg5 Be7 8. Bxe7
Qxe7 9. e3 Nd7 10. Nxd5 Bxd5 11. Rc1 Qd8 12. Bb5 O-O 13. O-O Nf6 14. Bc6 Rc8 15.
Ne5 Qd6 16. Qe2 a5 17. f3 Bxc6 18. Rxc6 Qe7 19. e4 Rfd8 20. Qc4 Nd7 21. Nxd7
Rxd7 22. Rxb6 Qd8 23. Rc6 Rxd4 24. Qc1 Rd6 25. Rc2 h6 26. h3 c6 27. Kh2 f6 28.
Qe3 Rd3 29. Qc5 Qd6+ 30. Qxd6 Rxd6 31. Rfc1 Kf7 32. Kg3 Ke7 33. Rc5 Kd7 34. Rxa5
Rd2 35. b4 Rd4 36. Ra7+ Rc7 37. Rxc7+ Kxc7 38. b5 Ra4 39. Rxc6+ Kd7 40. Rc3 Ra5
41. b6 Rb5 42. Rc7+ Kd8 43. Rxg7 Rxb6 44. Kf4 Ke8 45. Ra7 Rb2 46. g4 Ra2 47. h4
Ra1 48. h5 Ra2 49. e5 fxe5+ 50. Kxe5 Re2+ 51. Kf6 Re3 52. f4 Re4 53. g5 Rxf4+
54. Kxe6 Re4+ 55. Kf5 Rc4 56. gxh6 Rc5+ 57. Kg6 Rc6+ 58. Kg7 Rc5 59. h7 Rg5+ 60.
Kh6 Rb5 61. h8=Q# 1-0

[Event "Xtracon Chess Open 2019"]
[Site "Helsingor DEN"]
[Date "2019.07.20"]
[Round "1.142"]
[White "Rempe, Janne"]
[Black "Nielsen, Jorgen Lovgren"]
[Result "0-1"]
[WhiteElo "1594"]
[BlackElo "2053"]
[WhiteFideId "16202392"]
[BlackFideId "1403850"]
[EventDate "2019.07.20"]

1. d4 f5 2. Nf3 Nf6 3. Bf4 g6 4. e3 Bg7 5. c3 O-O 6. h3 b6 7. Nbd2 Bb7 8. Be2 d5
9. Ng5 Qd7 10. h4 h6 11. Nh3 Nc6 12. f3 Rae8 13. g4 e5 14. dxe5 Nxe5 15. g5 hxg5
16. Bxg5 Nh5 17. f4 Ng4 18. e4 Ng3 19. Rg1 Nxe4 20. Nf3 Nxc3 21. Qd3 Rxe2+ 22.
Kf1 Ne3+ 23. Qxe3 Rxe3 24. bxc3 Rxf3+ 0-1

[Event "Xtracon Chess Open 2019"]
[Site "Helsingor DEN"]
[Date "2019.07.20"]
[Round "1.143"]
[White "Nilsson, Eskil"]
[Black "Lye, Sigurd"]
[Result "1/2-1/2"]
[WhiteElo "2053"]
[BlackElo "1593"]
[WhiteFideId "1716220"]
[BlackFideId "1539345"]
[EventDate "2019.07.20"]

1. e4 c5 2. Nf3 Nc6 3. Bb5 g6 4. O-O Bg7 5. Re1 Nf6 6. e5 Nd5 7. Nc3 Nc7 8. Bxc6
dxc6 9. Ne4 b6 10. d3 O-O 11. Bd2 h6 12. Qe2 f6 13. exf6 exf6 14. h3 f5 15. Nc3
Re8 16. Qf1 Qd6 17. Rxe8+ Nxe8 18. Re1 Be6 19. Qe2 Nc7 20. Ne5 Bf7 21. Nxf7 Kxf7
22. Qf3 Ne6 23. Ne2 Qd5 24. Qxd5 cxd5 25. b3 Re8 26. Kf1 h5 27. Nf4 Nxf4 28.
Rxe8 Kxe8 29. Bxf4 Kd7 30. g4 fxg4 31. hxg4 hxg4 32. Kg2 1/2-1/2

[Event "Xtracon Chess Open 2019"]
[Site "Helsingor DEN"]
[Date "2019.07.20"]
[Round "1.144"]
[White "Damm, Henrik"]
[Black "Bratholm, Palle"]
[Result "0-1"]
[WhiteElo "1591"]
[BlackElo "2052"]
[WhiteFideId "1425013"]
[BlackFideId "1404083"]
[EventDate "2019.07.20"]

1. e4 e5 2. Nf3 Nf6 3. Nc3 Bb4 4. d3 d6 5. Bd2 c6 6. g3 Bg4 7. Bg2 Na6 8. h3 Be6
9. Ng5 Bd7 10. Nf3 O-O 11. O-O Re8 12. d4 Bxc3 13. bxc3 Nxe4 14. Re1 Nxd2 15.
Qxd2 e4 16. Nh2 d5 17. Qf4 Nc7 18. Nf1 Ne6 19. Qe3 Rc8 20. Nd2 Qf6 21. h4 c5 22.
Nb3 cxd4 23. cxd4 Rxc2 24. Bh3 b6 25. a4 Rec8 26. a5 R8c3 27. Rf1 Rxe3 28. axb6
axb6 29. Ra8+ Rc8 30. fxe3 Qxf1+ 0-1

[Event "Xtracon Chess Open 2019"]
[Site "Helsingor DEN"]
[Date "2019.07.20"]
[Round "1.145"]
[White "Salerno, Christian"]
[Black "Knudsen, Jan"]
[Result "1-0"]
[WhiteElo "2047"]
[BlackElo "1577"]
[WhiteFideId "1310810"]
[BlackFideId "1460803"]
[EventDate "2019.07.20"]

1. e4 c5 2. Nf3 d6 3. d4 cxd4 4. Nxd4 Nf6 5. Nc3 g6 6. f3 Bg7 7. Be3 O-O 8. Bc4
a6 9. Qd2 Nc6 10. O-O-O Na5 11. Bb3 Nxb3+ 12. axb3 b5 13. h4 Bb7 14. Bh6 b4 15.
Nce2 Qa5 16. Kb1 Rfc8 17. Ng3 Rc5 18. h5 Nxh5 19. Nxh5 Rxh5 20. Bxg7 Kxg7 21. g4
Rxh1 22. Rxh1 Rh8 23. Qh6+ Kg8 24. Nf5 gxf5 25. gxf5 Qc5 26. Rh4 Qg1+ 27. Ka2
Bxe4 28. Rxe4 1-0

[Event "Xtracon Chess Open 2019"]
[Site "Helsingor DEN"]
[Date "2019.07.20"]
[Round "1.146"]
[White "Zemlickova, Olena"]
[Black "Stromhaug, Kristoffer Wang"]
[Result "1-0"]
[WhiteTitle "WIM"]
[WhiteElo "2043"]
[BlackElo "1566"]
[WhiteFideId "14105560"]
[BlackFideId "1533401"]
[EventDate "2019.07.20"]

1. d4 d5 2. Nf3 Nf6 3. e3 e6 4. Bd3 c5 5. b3 a6 6. Bb2 Nbd7 7. Nbd2 b6 8. Ne5
Nxe5 9. dxe5 Nd7 10. O-O Qc7 11. f4 Bb7 12. a4 g6 13. Qe2 Bg7 14. Nf3 O-O 15.
Ng5 h6 16. Nf3 Rfc8 17. Nd2 Kh7 18. h4 f5 19. exf6 Bxf6 20. Qg4 Rg8 21. Bxf6
Nxf6 22. Qxe6 Rgf8 23. h5 Qg7 24. Bxg6+ Kh8 1-0

[Event "Xtracon Chess Open 2019"]
[Site "Helsingor DEN"]
[Date "2019.07.20"]
[Round "1.147"]
[White "Sidali, Elias Hulleberg"]
[Black "Tummasarson, Flovin M."]
[Result "1-0"]
[WhiteElo "2041"]
[BlackElo "1561"]
[WhiteFideId "1530518"]
[BlackFideId "7202431"]
[EventDate "2019.07.20"]

1. e4 e5 2. Nf3 Nc6 3. Bb5 Bc5 4. O-O Nd4 5. Nxd4 Bxd4 6. c3 Bb6 7. d4 c6 8. Ba4
d6 9. Na3 Ne7 10. dxe5 dxe5 11. Nc4 Ng6 12. Nd6+ Ke7 13. Nxc8+ Rxc8 14. Qg4 Qd7
15. Qg3 Rcd8 16. Bc2 h6 17. h4 Qc7 18. Bb3 c5 19. Bc4 Rhg8 20. f4 exf4 21. Bxf4
Nxf4 22. Rxf4 Rdf8 23. Raf1 Ke8 24. Qf3 Qd6 25. Bb5+ 1-0

[Event "Xtracon Chess Open 2019"]
[Site "Helsingor DEN"]
[Date "2019.07.20"]
[Round "1.148"]
[White "Digernes, Mikael"]
[Black "Larsen, Ulrik"]
[Result "1/2-1/2"]
[WhiteElo "1560"]
[BlackElo "2039"]
[WhiteFideId "1544225"]
[BlackFideId "1441167"]
[EventDate "2019.07.20"]

1. e4 e5 2. Nf3 Nc6 3. Bc4 Nf6 4. d3 h6 5. c3 d6 6. Nbd2 g5 7. Qb3 Qe7 8. h3 Bg7
9. g4 O-O 10. Nf1 Na5 11. Qa4 Nxc4 12. Qxc4 Be6 13. Qa4 d5 14. Ng3 Nd7 15. O-O
Rfd8 16. Be3 dxe4 17. dxe4 Nb6 18. Bxb6 axb6 19. Qb5 Qc5 20. Qxc5 bxc5 21. a3
Bb3 22. Nf5 f6 23. Rac1 Ra4 24. Rfe1 Bf8 25. Kg2 Rd3 26. Re3 Rd7 27. Ree1 b5 28.
Kg3 Ra8 29. Ne3 Be6 30. Red1 Rad8 31. Rxd7 Rxd7 32. Rd1 Rxd1 33. Nxd1 c4 34. Ne3
c6 35. Nf5 Kf7 36. Nd2 Ke8 37. f3 Kd7 38. Nf1 Kc7 39. N5e3 Kb6 40. Nd2 Ka5 41.
Kf2 Ka4 42. Ke2 1/2-1/2

[Event "Xtracon Chess Open 2019"]
[Site "Helsingor DEN"]
[Date "2019.07.20"]
[Round "1.149"]
[White "Stovring, Claus"]
[Black "Eiholt, Bjarne"]
[Result "1-0"]
[WhiteElo "2036"]
[BlackElo "1558"]
[WhiteFideId "1406914"]
[BlackFideId "1411225"]
[EventDate "2019.07.20"]

1. e4 c6 2. d4 d5 3. e5 Bf5 4. h4 h6 5. g4 Be4 6. f3 Bh7 7. e6 fxe6 8. Bd3 Bxd3
9. Qxd3 Qd6 10. Ne2 Na6 11. a3 e5 12. dxe5 Qxe5 13. Nc3 Qf6 14. f4 e5 15. fxe5
Qxe5 16. Bf4 Qe6 17. O-O-O O-O-O 18. Qd4 Nf6 19. Qxa7 Bd6 20. Bxd6 Qxd6 21. Na4
Qb8 22. Qd4 Rhe8 23. Nec3 Ne4 24. Qxg7 Nf2 25. Nb6# 1-0

[Event "Xtracon Chess Open 2019"]
[Site "Helsingor DEN"]
[Date "2019.07.20"]
[Round "1.150"]
[White "Rempe, Mieke"]
[Black "Kleimark, Anders"]
[Result "0-1"]
[WhiteElo "1558"]
[BlackElo "2032"]
[WhiteFideId "16202384"]
[BlackFideId "1709968"]
[EventDate "2019.07.20"]

1. e4 e5 2. Nf3 Nc6 3. Bb5 a6 4. Ba4 Nf6 5. O-O b5 6. Bb3 Be7 7. Re1 O-O 8. a4
b4 9. d4 d6 10. c3 Rb8 11. dxe5 dxe5 12. Bd5 Bb7 13. Bxc6 Bxc6 14. Nxe5 Bxe4 15.
Qxd8 Rfxd8 16. Bg5 h6 17. Nd2 Ba8 18. Nec4 Kf8 19. Bxf6 Bxf6 20. Ne4 Be7 21. Ng3
Rd3 22. Ne5 Rd2 23. Rad1 Rbd8 24. Rxd2 Rxd2 25. Nf5 Bc5 26. Ne3 Bxe3 27. fxe3
Rxg2+ 28. Kf1 Rxb2 0-1

[Event "Xtracon Chess Open 2019"]
[Site "Helsingor DEN"]
[Date "2019.07.20"]
[Round "1.151"]
[White "Cramling Bellon, Anna"]
[Black "Starup, Leo"]
[Result "1-0"]
[WhiteTitle "WFM"]
[WhiteElo "2030"]
[BlackElo "1556"]
[WhiteFideId "32009232"]
[BlackFideId "1422669"]
[EventDate "2019.07.20"]

1. d4 d5 2. c4 Nf6 3. cxd5 Qxd5 4. Nc3 Qd8 5. Nf3 e6 6. e4 Be7 7. h3 b6 8. Be3
Bb7 9. Bb5+ Kf8 10. Qc2 h6 11. O-O Nbd7 12. d5 e5 13. Bc6 Rb8 14. Nb5 a6 15. Na7
Bd6 16. Bxb7 Rxb7 17. Nc6 Qc8 18. Nh4 Nc5 19. Bxc5 bxc5 20. f4 Nxe4 21. Qxe4
exf4 22. b3 g5 23. Qf5 Qxf5 24. Nxf5 f6 25. Rae1 Rh7 26. Re6 1-0

[Event "Xtracon Chess Open 2019"]
[Site "Helsingor DEN"]
[Date "2019.07.20"]
[Round "1.153"]
[White "Buttkus, Andre"]
[Black "Gjelstrup, Ole"]
[Result "1-0"]
[WhiteElo "2024"]
[BlackElo "1544"]
[WhiteFideId "24695882"]
[BlackFideId "1413481"]
[EventDate "2019.07.20"]

1. d4 d5 2. c4 e6 3. Nc3 c6 4. e4 dxe4 5. Nxe4 Nf6 6. Nxf6+ gxf6 7. Nf3 Nd7 8.
Bd2 Qc7 9. Bd3 Bg7 10. O-O b6 11. a4 Bb7 12. a5 c5 13. Re1 O-O 14. dxc5 Nxc5 15.
Bb1 Rad8 16. Qc2 f5 17. Bc3 Be4 18. Qc1 Nb3 19. Qe3 Nxa1 20. Bxg7 f6 21. Bxe4
fxe4 22. Rxa1 Kxg7 23. Qxe4 Qd6 24. axb6 Qxb6 25. h4 Rd7 26. b4 Rfd8 27. c5 Qc7
28. g3 e5 29. h5 Qb7 30. c6 Rd1+ 31. Kg2 Qb6 32. Rxd1 Rxd1 33. Nxe5 fxe5 34.
Qg4+ Kf7 35. Qxd1 Qxc6+ 36. Qf3+ Qxf3+ 37. Kxf3 Ke6 38. Ke4 a6 39. f3 Kd6 40. f4
exf4 41. gxf4 1-0

[Event "Xtracon Chess Open 2019"]
[Site "Helsingor DEN"]
[Date "2019.07.20"]
[Round "1.154"]
[White "Lalla, Karol"]
[Black "Mardell, Jonas"]
[Result "0-1"]
[WhiteElo "1534"]
[BlackElo "2024"]
[WhiteFideId "12947407"]
[BlackFideId "1705636"]
[EventDate "2019.07.20"]

1. d4 Nf6 2. f4 d5 3. Nf3 Bf5 4. e3 e6 5. Be2 Nbd7 6. O-O c5 7. c3 Be7 8. Bd2
Ne4 9. Be1 O-O 10. Nbd2 Ndf6 11. Bh4 Ng4 12. Bxe7 Qxe7 13. Nxe4 dxe4 14. Qd2
exf3 15. Bxf3 Nf6 16. h3 Ne4 17. Qe1 cxd4 18. exd4 Nd6 19. d5 Qc7 20. dxe6 Bxe6
21. Qe5 Qb6+ 22. Kh1 Nc4 0-1

[Event "Xtracon Chess Open 2019"]
[Site "Helsingor DEN"]
[Date "2019.07.20"]
[Round "1.155"]
[White "Holinka, Henning"]
[Black "Joensen, Sigurd"]
[Result "1-0"]
[WhiteElo "2021"]
[BlackElo "1532"]
[WhiteFideId "12967084"]
[BlackFideId "7200935"]
[EventDate "2019.07.20"]

1. e4 e5 2. Nf3 d6 3. Bc4 Nf6 4. d3 Bg4 5. h3 Bxf3 6. Qxf3 Be7 7. Nc3 c6 8. a4
Nbd7 9. g4 O-O 10. Bd2 Ne8 11. O-O-O a6 12. Rdg1 b5 13. Ba2 Nc5 14. g5 Nxa4 15.
Nxa4 bxa4 16. h4 Nc7 17. g6 d5 18. gxh7+ Kh8 19. Ba5 dxe4 20. Qxe4 Qd6 21. Rh3
Nd5 22. Rhg3 f5 23. Qf3 Qh6+ 24. Bd2 Qe6 25. Rxg7 e4 26. Rg8+ Rxg8 27. hxg8=Q+
Rxg8 28. Qh5+ 1-0

[Event "Xtracon Chess Open 2019"]
[Site "Helsingor DEN"]
[Date "2019.07.20"]
[Round "1.156"]
[White "Christiansen, Arne"]
[Black "Madsen, Dennis"]
[Result "1-0"]
[WhiteElo "2011"]
[BlackElo "1529"]
[WhiteFideId "1402013"]
[BlackFideId "1425919"]
[EventDate "2019.07.20"]

1. d4 g6 2. c4 Bg7 3. Nf3 d6 4. Nc3 Nh6 5. g3 O-O 6. Bg2 Nc6 7. O-O f5 8. d5 Na5
9. Qd3 b6 10. Bf4 Nf7 11. b4 Nb7 12. Rac1 a5 13. a3 axb4 14. axb4 Ne5 15. Qc2
Nxc4 16. Nb5 Na3 17. Qa2 Nxb5 18. Qxa8 Nc3 19. Rc2 Nxd5 20. Ng5 Nxb4 21. Rc4 e5
22. Bd2 Nc5 23. Rxb4 e4 24. h4 h6 25. Qa2+ Kh8 26. Nf7+ Rxf7 27. Qxf7 Be6 28.
Qxg6 Qf8 29. Be3 Bd7 30. Bh3 1-0

[Event "Xtracon Chess Open 2019"]
[Site "Helsingor DEN"]
[Date "2019.07.20"]
[Round "1.157"]
[White "Gade, Jens"]
[Black "Lauritsen, Niels"]
[Result "0-1"]
[WhiteElo "1528"]
[BlackElo "2011"]
[WhiteFideId "1416111"]
[BlackFideId "1404474"]
[EventDate "2019.07.20"]

1. d4 Nc6 2. Nf3 d6 3. e3 Bg4 4. Be2 e5 5. dxe5 dxe5 6. Qxd8+ Rxd8 7. O-O e4 8.
Nd4 Nxd4 9. Bxg4 Nxc2 10. Rd1 Nxa1 11. Rxd8+ Kxd8 12. Nc3 Nc2 13. Nxe4 Nb4 14.
a3 Nd3 15. Bd2 Nf6 16. Nxf6 gxf6 17. Bc3 Be7 18. Bf5 Ne5 19. f4 Ng6 20. g3 c6
21. Kf2 Kc7 22. Ke2 Re8 23. b4 a5 24. e4 axb4 25. axb4 Ra8 26. Kd3 Ra3 27. Kc4
b5+ 28. Kd4 Rb3 29. e5 Bxb4 30. e6 Bxc3+ 31. Ke4 fxe6 32. Bxe6 Rb2 0-1

[Event "Xtracon Chess Open 2019"]
[Site "Helsingor DEN"]
[Date "2019.07.20"]
[Round "1.158"]
[White "Andersen, Kim Nyvang"]
[Black "Gupta Nikhil"]
[Result "1-0"]
[WhiteElo "2008"]
[BlackElo "1528"]
[WhiteFideId "1415743"]
[BlackFideId "25697773"]
[EventDate "2019.07.20"]

1. d4 Nf6 2. c4 e6 3. Nc3 d5 4. cxd5 exd5 5. Bg5 Nbd7 6. e3 c6 7. Bd3 Be7 8.
Nge2 O-O 9. Qc2 Re8 10. O-O Nf8 11. f3 g6 12. Rad1 Ne6 13. Bh4 Nh5 14. Bxe7 Qxe7
15. e4 Nhf4 16. e5 Qg5 17. Nxf4 Qxf4 18. Qf2 Ng7 19. g3 Qh6 20. b4 Bf5 21. b5
Bxd3 22. Rxd3 Ne6 23. f4 Qf8 24. f5 Ng5 25. g4 f6 26. fxg6 fxe5 27. gxh7+ Nxh7
28. Rf3 Qg7 29. Rf7 Qxg4+ 30. Kh1 Kh8 31. Rg1 Qh5 32. Rgg7 Ng5 33. Qf6 Qf3+ 34.
Qxf3 Nxf3 35. Rh7+ Kg8 36. Rfg7+ Kf8 37. Rxb7 Kg8 38. bxc6 Nxd4 39. Nxd5 Ne6 40.
Nf6+ 1-0

[Event "Xtracon Chess Open 2019"]
[Site "Helsingor DEN"]
[Date "2019.07.20"]
[Round "1.159"]
[White "Bredeli, Kent-Ove I"]
[Black "Schrodt, Sebastian"]
[Result "0-1"]
[WhiteElo "1515"]
[BlackElo "2002"]
[WhiteFideId "1522124"]
[BlackFideId "24675563"]
[EventDate "2019.07.20"]

1. d4 Nf6 2. Nf3 g6 3. Bf4 c5 4. c3 Bg7 5. Nbd2 b6 6. e3 Bb7 7. h3 O-O 8. Be2 d6
9. O-O Nbd7 10. Qc2 Rc8 11. a4 Re8 12. Nh2 Nd5 13. dxc5 e5 14. Bg3 f5 15. Bc4
Nxc5 16. Rfd1 Ne6 17. Bxd5 Bxd5 18. e4 Nd4 19. Qd3 fxe4 20. Nxe4 Bc4 21. Qd2
Ne2+ 22. Kh1 d5 23. Ng5 e4 24. h4 e3 25. Qe1 Nxg3+ 26. fxg3 Qd6 27. Ngf3 e2 28.
Rd2 Bh6 29. Ng5 Bxg5 30. hxg5 Qe5 31. Nf3 Qe3 32. Qg1 Qc5 33. Nd4 Re5 34. Qf2
Rf8 35. Qg1 Rxg5 36. Nxe2 Rh5+ 0-1

[Event "Xtracon Chess Open 2019"]
[Site "Helsingor DEN"]
[Date "2019.07.20"]
[Round "1.160"]
[White "Philipsen, William Horup"]
[Black "Nergard, Ole-Kristian"]
[Result "1-0"]
[WhiteElo "2001"]
[BlackElo "1505"]
[WhiteFideId "1408470"]
[BlackFideId "1543156"]
[EventDate "2019.07.20"]

1. e4 c5 2. d4 cxd4 3. c3 dxc3 4. Nxc3 Nc6 5. Nf3 a6 6. Bc4 d6 7. O-O Nf6 8. Bf4
Bg4 9. h3 Bxf3 10. Qxf3 g6 11. Rfd1 Qb8 12. Rac1 Bg7 13. Nd5 Nxd5 14. Bxd5 O-O
15. Rd2 Ne5 16. Qb3 e6 17. Bc4 Rc8 18. Rdc2 b5 19. Bxe5 Rxc4 20. Rxc4 bxc4 21.
Qxb8+ Rxb8 22. Bxd6 Rxb2 23. Rxc4 h5 24. a3 Rb6 25. e5 Rb5 26. a4 Rb1+ 27. Kh2
g5 28. h4 Re1 29. Rc5 gxh4 30. a5 Re4 31. Kh3 Rf4 32. f3 Ra4 33. Be7 Kh7 34.
Bxh4 Kg6 35. g3 Kf5 36. Bd8 Ra3 37. f4 Bh6 38. Kh4 Ra1 39. Kxh5 Rh1+ 40. Bh4 Bf8
41. Rc4 Rg1 42. Rc7 Bb4 43. Rxf7+ Ke4 44. Ra7 Bxa5 45. Rxa6 Be1 46. Kg4 Kd5 47.
Rd6+ 1-0